000 00546nam a2200133Ia 4500
008 180412s9999||||xx |||||||||||||| ||und||
040 _aAhmadu Bello University Library - Zaria
100 _aJAUNDRELL-THOMPSON, F.
245 0 _aX-ray physics and equipment.
_cF. Jaundrell-Thompson, W. J. Ashworth.
250 _a\\
_a2nd ed.
260 _aOxford.
_bBlackwell
_c1970
300 _axiii, 807p.: ill.
600 _aApparatus, instruments, appliances.;Gamma rays.;Grenz rays.;Natural science;Radiology and Atomic Energy;Roentgen rays (X-rays).;X-rays.
700 _aASHWORTH, W. J.
999 _c2327
_d2327